Aktivity smerom k humanizácii školy

Tri zdroje humanizácie školy.

Bibliographic Details
Main Author: Ihnacík, Jozef (Author)
Format: Article
Language:Slovak

MARC

LEADER 00000nab a2200000 a 4500
001 vtls001497421
003 SK-MaSNL
005 20260303075551.0
008 140302s1996 xo 000 0 slo
035 |a SPKCL254 
040 |a SPKCL  |b slo  |c SNKBUCL  |d ÚIP-SPK(JD)  |e AACR2 
041 |a slo 
044 |a xo  |c SK 
080 |a 37.017.924  |2 1981 
100 1 |a Ihnacík, Jozef  |4 aut  |9 6623 
245 1 0 |a Aktivity smerom k humanizácii školy  |c Jozef Ihnacík 
520 |a Tri zdroje humanizácie školy. 
773 1 |t Učiteľské noviny  |g Roč. 46, č. 4 (1996) s. 10 
850 |a Slovenská pedagogická knižnica Bratislava 
852 |a SPKCL  |b KIS3GCP  |b 000710000  |n SK 
999 |c 1776331  |d 1778261